中国56个民族各自在哪个省的人口数最多? - Statistics

General Stats
  • This quiz has been taken 468 times
  • The average score is 41 of 56
Answer Stats
Question Answer % Correct
蒙古族 内蒙古
100%
藏族 西藏
99%
维吾尔族 新疆
99%
壮族 广西
97%
汉族 广东
96%
回族 宁夏
96%
朝鲜族 吉林
96%
苗族 贵州
95%
彝族 云南
95%
满族 辽宁
92%
哈萨克族 新疆
91%
傣族 云南
91%
傈僳族 云南
89%
白族 云南
88%
佤族 云南
87%
侗族 贵州
86%
土家族 湖南
85%
高山族 台湾
85%
布依族 贵州
84%
瑶族 广西
84%
哈尼族 云南
84%
柯尔克孜族 新疆
82%
黎族 海南
79%
景颇族 云南
79%
乌孜别克族 新疆
78%
俄罗斯族 新疆
78%
纳西族 云南
77%
拉祜族 云南
76%
塔吉克族 新疆
75%
怒族 云南
75%
鄂伦春族 内蒙古
73%
鄂温克族 内蒙古
71%
水族 贵州
70%
羌族 四川
68%
畲族 福建
67%
德昂族 云南
67%
达斡尔族 内蒙古
65%
独龙族 云南
65%
布朗族 云南
64%
塔塔尔族 新疆
62%
京族 广西
60%
基诺族 云南
60%
阿昌族 云南
57%
东乡族 甘肃
56%
普米族 云南
55%
赫哲族 黑龙江
55%
仡佬族 贵州
52%
门巴族 西藏
52%
仫佬族 广西
51%
珞巴族 西藏
51%
土族 青海
48%
保安族 甘肃
46%
毛南族 广西
45%
裕固族 甘肃
45%
撒拉族 青海
44%
锡伯族 辽宁
36%
No matching quizzes found
Score Distribution
Percent of People with Each Score
Percentile by Number Answered
Your Score History
You have not taken this quiz